000
00208 a2200097 4500
001
7094
100
_a
Waheed uz Zaman
245
_a
Towards Pakistan
260
_a
_b
Publishers united
_c
090
_c
5864
_d
5864
942
_a
NUST-CAE
_c
M
_c
32338
999
_c
242167
_d
242167